| 000 | 00680cam a2200229 a 4500 | ||
|---|---|---|---|
| 005 | 20140211111928.0 | ||
| 008 | 850702s1985 nyua b 001 0 eng | ||
| 041 | 0 | _aeng | |
| 080 | _a004.2 | ||
| 100 | 1 |
_aFoster, Caxton C., _d1929- |
|
| 245 | 1 | 0 |
_aComputer architecture / _cCaxton C. Foster ; Thea Iberall. |
| 250 | _a3rd ed. | ||
| 260 |
_aNew York : _bVan Nostrand Reinhold Co., _cc1985. |
||
| 300 |
_axx, 386 f. : _bme il ; _c24 cm. |
||
| 500 | _aParathenie IX-XIV | ||
| 504 | _aIncludes bibliographies and index. | ||
| 650 | 0 | _aComputer architecture. | |
| 650 | 0 | _aSoftuer kompjuteri | |
| 650 | 0 | _2Arkitektura e kompjuterëve | |
| 700 | 1 | _aIberall, Thea. | |
| 942 |
_2udc _cBK |
||
| 999 |
_c33 _d33 |
||